000 00443nam a22001697a 4500
003 OSt
005 20150115165240.0
008 141213b xxu||||| |||| 00| 0 eng d
040 _cBMC
082 _aNr861
100 1 _929654
_aSánchez, María Teresa
245 1 0 _aOasis
_cMaría Teresa Sánchez
260 _aManagua
_bNuevos Horizontes
_c[1943]
300 _a68 p. 2 h.
_c18 cm.
650 2 4 _929402
_aPoesía nicaragüense
942 _2ddc
_cBK
999 _c16809
_d16809